A feasibility study in the establishment of Nato's Best Boneless lechon in Cervantes St., Dumaguete City / (Record no. 5745)
[ view plain ]
| 000 -LEADER | |
|---|---|
| fixed length control field | 03243naa a2200349Ia 4500 |
| 003 - CONTROL NUMBER IDENTIFIER | |
| control field | OSt |
| 005 - DATE AND TIME OF LATEST TRANSACTION | |
| control field | 20260416112813.0 |
| 008 - FIXED-LENGTH DATA ELEMENTS--GENERAL INFORMATION | |
| fixed length control field | 260416s2017 xx 000 0 und d |
| 040 ## - CATALOGING SOURCE | |
| Original cataloging agency | Foundation University |
| Language of cataloging | Eng |
| Transcribing agency | Foundation University |
| Description conventions | rda |
| 050 ## - LIBRARY OF CONGRESS CALL NUMBER | |
| Classification number | CBA (FinMgt-FS) LG 221 D35 B87 |
| Item number | A5 B87 F56 2017 A86 |
| 099 ## - LOCAL FREE-TEXT CALL NUMBER (OCLC) | |
| Classification number | 799 |
| 100 ## - MAIN ENTRY--PERSONAL NAME | |
| Personal name | Asonio, Jocelyn S. |
| 9 (RLIN) | 1517 |
| Relator term | author. |
| 245 10 - TITLE STATEMENT | |
| Title | A feasibility study in the establishment of Nato's Best Boneless lechon in Cervantes St., Dumaguete City / |
| Statement of responsibility, etc. | by Jocelyn S. Asonio, Frince Ann D. Daniel, Phoebe Joy F. Generoso, Marvie I. Tindog and Marrisa B. Ybarrita |
| 264 ## - PRODUCTION, PUBLICATION, DISTRIBUTION, MANUFACTURE, AND COPYRIGHT NOTICE | |
| Place of production, publication, distribution, manufacture | Dumaguete City |
| Name of producer, publisher, distributor, manufacturer | Foundation Uiniversity, |
| Date of production, publication, distribution, manufacture, copy right date | 2017. |
| Copyright Date | 2017. |
| 300 ## - PHYSICAL DESCRIPTION | |
| Extent | vii, 116 leaves : |
| Other physical details | ill. (chiefly color) ; |
| Dimensions | 28 cm. |
| Materials specified | volume |
| Type of unit | resource |
| 336 ## - CONTENT TYPE | |
| Source | rdacontent |
| Content type term | text |
| Content type code | txt |
| 337 ## - MEDIA TYPE | |
| Source | rdamedia |
| Media type term | unmediated |
| Media type code | n |
| 338 ## - CARRIER TYPE | |
| Materials specified | rdacarrier |
| Carrier type term | volume |
| Carrier type code | nc |
| 502 ## - DISSERTATION, THESIS NOTE | |
| Master's Degree Note | Undergraduate feasibility (BS in Administration Major in Financial management ) - - Foundation University, 2017. |
| 504 ## - BIBLIOGRAPHY, ETC. NOTE | |
| Bibliography, etc. note | Includes bibliographical references and appendices. |
| 520 ## - ABSTRACT, SUMMARY, ETC. | |
| Abstract, Summary, etc. | ABSTRACT<br/>A Feasibility Study on the Establishnment of Nato's Best Boneless Lechon<br/>Title:<br/>in Cervantes St., Dumaguete City<br/>Asonio, Jocelyn S.<br/>Author:<br/>-Daniel, Frince Ann<br/>-Generoso, Phoebe Joy F.<br/>-Tindog, Marvie Joy I.<br/>-Ybarrita, Marissa B.<br/>Bachelor of Science in Business Administration Major in<br/>Course:<br/>Financial Management<br/>Foundation University<br/>School:<br/>School Address: Dr. Meciano Rd., Dumaguete City, Province of Negros Oricntal<br/>2017-2018<br/>Year:<br/>The proposed business is about the Establishment of Nato's Best Boneless Lechon. The<br/>respondents of the study are the residences of Dumaguete City, Bacong and Valencia with a<br/>total number of respondents of three hundred ninety nine (399). A research designed<br/>questionnaire was made in order to scout out first hand and necessary information of the study<br/>to meet its objectives and answer the problem.<br/>The main objective of the study is to determine the feasibility of Establishing the<br/>proposed business. Specifically, it aims to consider the functional arcas of the business such as<br/>marketing, management, technical, socio-economic and financial are viable and workable.<br/>The results showed that there is the presence of demand as illustrated in the marketing<br/>aspects. The job analysis is developed under the management aspects. All equipments and<br/>supplies are determined in the technical aspects. Financial projections are as well favourable<br/>for the business with approximately 3 years of return on investment. |
| 650 ## - SUBJECT ADDED ENTRY--TOPICAL TERM | |
| Topical term or geographic name entry element | Roasted pork industry |
| Geographic subdivision | Philippines. |
| 9 (RLIN) | 15516 |
| 650 ## - SUBJECT ADDED ENTRY--TOPICAL TERM | |
| Topical term or geographic name entry element | Food service |
| Geographic subdivision | Philippines. |
| 9 (RLIN) | 15517 |
| 650 ## - SUBJECT ADDED ENTRY--TOPICAL TERM | |
| Topical term or geographic name entry element | Small business |
| Geographic subdivision | Philippines. |
| 9 (RLIN) | 14619 |
| 650 ## - SUBJECT ADDED ENTRY--TOPICAL TERM | |
| Topical term or geographic name entry element | Feasibility studies. |
| 9 (RLIN) | 13723 |
| 658 ## - INDEX TERM--CURRICULUM OBJECTIVE | |
| Main curriculum objective | Project Feasibility Study : |
| Subordinate curriculum objective | Administration Major in Financial Management Bachelor of Science in ; |
| Curriculum code | FSB301 |
| 700 ## - ADDED ENTRY--PERSONAL NAME | |
| Personal name | Daniel Frince Ann D., |
| Fuller form of name | co-author |
| 9 (RLIN) | 15518 |
| 700 ## - ADDED ENTRY--PERSONAL NAME | |
| Personal name | Generoso Phoebe Joy F., |
| Fuller form of name | co-author |
| 9 (RLIN) | 15519 |
| 700 ## - ADDED ENTRY--PERSONAL NAME | |
| Personal name | Tindog Marvie I., |
| Relator term | co-author |
| 9 (RLIN) | 15520 |
| 700 ## - ADDED ENTRY--PERSONAL NAME | |
| Personal name | Ybarrita Marrisa B., |
| Relator term | co-author |
| 9 (RLIN) | 15521 |
| 942 ## - ADDED ENTRY ELEMENTS (KOHA) | |
| Source of classification or shelving scheme | Library of Congress Classification |
| Koha item type | Feasibility Study |
| Classification part | LG 221 D35 B87 |
| Item part | A5 B87 F56 2017 A86 |
| Call number prefix | CBA (FinMgt-FS) |
| Withdrawn status | Lost status | Source of classification or shelving scheme | Damaged status | Not for loan | Home library | Current library | Shelving location | Date acquired | Total Checkouts | Full call number | Barcode | Date last seen | Price effective from | Koha item type | Accession Number |
|---|---|---|---|---|---|---|---|---|---|---|---|---|---|---|---|
| Library of Congress Classification | Foundation University Library | Foundation University Library | Undergraduate Thesis | 04/16/2026 | CBA (FinMgt-FS) LG 221 D35 B87 A5 B87 F56 2017 A86 | 61188 | 04/16/2026 | 04/16/2026 | Feasibility Study | FinMgt-FS-2026031 |
